| 000 | 00876nam a22003017a 4500 | ||
|---|---|---|---|
| 003 | CHAP | ||
| 005 | 20220329140741.0 | ||
| 008 | 971013s1968 r 00010 d | ||
| 010 | _a57029 | ||
| 011 | _a58001 | ||
| 035 | _a62156 | ||
| 040 | _cCHAP | ||
| 082 |
_a330 _bS25Y |
||
| 100 | 0 | 0 |
_aSchumpeter, Joseph Alois. _9103246 |
| 245 | _aEnsayos | ||
| 260 |
_aBarcelona : _bOikos-au, _c1968 |
||
| 300 | _a349 p. | ||
| 490 |
_aLibros de economía Oikos _v; 15 |
||
| 590 |
_aBATCH-UPD _b10 _c20130110 _lUCH01 _h1838 |
||
| 590 |
_aBATCH-UPD _b10 _c20130410 _lUCH01 _h1209 |
||
| 590 |
_aBATCH-UPD _b10 _c20130914 _lUCH01 _h1232 |
||
| 590 |
_aCONVERSION _b10 _c20130109 _lUCH01 _h1331 |
||
| 650 | 1 | 4 |
_aEconomía. _935226 |
| 830 | 0 |
_aLibros de economía Oikos _v; 15 _966676 |
|
| 901 | _aBK | ||
| 942 | _cLIBRO | ||
| 949 |
_a330 S25Y _bBC _cLIBRO _d33724000309191 _eLIBRO _h47488 _i62156 _si |
||
| 999 |
_c57029 _d57029 |
||